000 00447nam a2200181Ia 4500
005 20250423094615.0
008 250422s9999 xx 000 0 und d
020 _a0895770652
050 _aQL 673 .B532/
100 _aCameron, A. D.
245 0 _aBirds : their life, their ways, their world
260 _aPleasantville
260 _bReader’s Digest Association
260 _cc1979
300 _a411 p
650 _aBirds
942 _cBK
999 _c27751
_d27751